000 00360nam a2200145Ia 4500
008 230312s9999||||xx |||||||||||||| ||und||
020 _a0-619-20040-5
082 _a005.369
_bCAS-M
100 _aCashman;Shelly
245 0 _aMicrosoft Office Access 2003
260 _bThomson
_aAustralia
_c2004
300 _a606
650 _aComputer
_vComputer
942 _cBK
999 _c15463
_d15463